Sports Quiz

Random Sports or NFL Quiz
Score 0/12 Timer 03:00
1 Play Today
Athlete % Correct
Brett Favre
91.6%
Chris Bosh
83.8%
Chris Webber
69.1%
Joe Dumars
60.2%
Yadier Molina
56.7%
Adam Vinatieri
55.7%
Bobby Orr
53.2%
Lou Gehrig
51.9%
Paul Molitor
38.3%
Scott Stevens
27.1%
Mel Ott
24.2%
Jean Beliveau
13.6%
Remove Ads.
Support Sporcle.
Get the best of Sporcle when you Go Orange. This ad-free experience offers more features, more stats, and more fun while also helping to support Sporcle. Thank you for becoming a member.

You're not logged in!

Compare scores with friends on all Sporcle quizzes.
OR
Log In

Sporcle TV

Today on Sporcle TV


Watch our educational content, quiz creation guides, and fun videos on Sporcle TV.

Show Comments

Extras

Top Quizzes Today


Score Distribution

Paid Content

Your Account Isn't Verified!

In order to create a playlist on Sporcle, you need to verify the email address you used during registration. Go to your Sporcle Settings to finish the process.

Report this User

Report this user for behavior that violates our Community Guidelines.

Details: